000 00306nam a22001337a 4500
008 170714b xxu||||| |||| 00| 0 eng d
020 _a0815322577
041 _aeng
080 _a101
100 _a24
101 _aFIL
245 _aPHILOSOPHY, RELIGIOUS STUDIES, AND MYTH
_cSEGAL, R.A
942 _2udc
_cBK
999 _c20921
_d20921